Třídení stavební produkce je stály problém

Podrobná bibliografia
Hlavný autor: Kadlec, Zdeněk, 1946- (Autor)
Médium: Článok
Jazyk:slovenčina
čeština
Fyzický popis:Tb. 4.
Predmet:

MARC

LEADER 00000nab a2200000 a 4500
001 vtls000003839
003 SK-MaSNL
005 20260305025554.0
008 250422c1978 xo 0 slo
015 |a SNBRB19rr/mm-uuuuu 
035 |a CL0013932 
035 |a urn:nbn:sk:snk-ab2i9k 
035 |a (urnnbn)urn:nbn:sk:snk:ar-a02gm5 
035 |a (uuid)c652b0e4-4eac-4f11-b140-d746e9300dfe 
040 |a SNKBUCL  |b slo  |c SNKBUCL  |e AACR2 
041 0 |a cze 
044 |a xo  |c SK 
080 |a 69  |2 1981 
080 |a 681.5  |2 1981 
100 1 |a Kadlec, Zdeněk,  |d 1946-  |4 aut  |9 103625 
245 1 0 |a Třídení stavební produkce je stály problém  |c Zdeněk Kadlec 
300 |b Tb. 4. 
650 0 7 |a stavebníctvo  |2 snkbucl  |9 726 
655 7 |a články z novín a časopisov  |2 snkbucl  |9 267496 
773 0 |t Ekonomika stavebníctva  |g Roč. 13, č. 4 (1978), s. 100-105 
850 |a Slovenská národná knižnica 
852 |a Slovenská národná knižnica 
954 |a odborná, vedecká literatúra cudzojazyčná (svetová)  |2 lita 
958 |a article27 
958 |a RK 
958 |a OND 
958 |a EUIPO 
992 |a RBX 
999 |c 3306358  |d 3308288